90-Second Country/Capital Sprint #2 - Statistics

General Stats
  • This quiz has been taken 293 times
  • The average score is 14 of 21
Answer Stats
Hint Answer % Correct
Greece Athens
98%
Ireland Dublin
97%
Canada Ottawa
93%
Australia Canberra
92%
Switzerland Bern
91%
Finland Helsinki
90%
Kenya Nairobi
83%
Taiwan Taipei
78%
Morocco Rabat
75%
Venezuela Caracas
73%
Bangladesh Dhaka
72%
Liechtenstein Vaduz
67%
Somalia Mogadishu
61%
Fiji Suva
55%
Sierra Leone Freetown
49%
Rwanda Kigali
49%
Mozambique Maputo
49%
Guinea Conakry
47%
Zambia Lusaka
46%
Mauritania Nouakchott
44%
INDONESIA
36%
No matching quizzes found
Score Distribution
Percent of People with Each Score
Percentile by Number Answered
Your Score History
You have not taken this quiz